000 00487nab a2200145Ia 4500
003 ES-SlBCS
005 20210601133734.0
008 140529s1998 xxu||||| |||| 00| 0 por d
041 _apor
100 1 _aVieira, Maria Clarisse
_9208982
245 0 0 _aOs novos mapas políticos e culturais e a pedagogia do conflicto
_c Maria Clarisse Vieira
650 0 4 _aPedagogía del Conflicto
_9208983
773 0 _tEducaçao e Filosofia
_gvol. 12, nº. 24, 1998, págs. 171-186
_wRev1534
942 _cAR
999 _c601334
_d601334